Tendence v ekonomickém rozvoji evropských členských států RVHP

Saved in:
Bibliographic Details
Main Author: Klokočník, Otakar
Other Authors: Keményová, Irena
Format: Book
Language:Czech
Published: Praha Ústředí vědeckých, technických a ekonomických informací 1988
Tags: Add Tag
No Tags, Be the first to tag this record!

MARC

LEADER 00000nam a2200000 4500
001 c034887
005 20251204111919.7
041 0 |a cze 
044 |a CZ 
245 1 0 |a Tendence v ekonomickém rozvoji evropských členských států RVHP  |c Otakar Klokočník, Irena Keményová 
264 1 |a Praha  |b Ústředí vědeckých, technických a ekonomických informací  |c 1988 
300 |a 49 s. 
100 1 |a Klokočník, Otakar 
700 1 |a Keményová, Irena